000 00958nam a2200313 i 4500
003 EG-GICUC
005 20260121101443.0
008 251209s1939 it ||||fr|||| 000 0 ita d
040 _aEG-GiCUC
_bara
_cEG-GiCUC
_dEG-GiCUC
_erda
041 _aita
082 0 4 _221
_a341
_bPR . T
092 0 4 _221
099 _aLaw1 11 341 PR . T 1939
100 1 _aprospero Fedozzi
_eAuthor.
245 1 0 _aTrattato di diritto internazionale /
_cprospero Fedozzi, , romano santi.
264 1 _aMilani :
_bCEDAM,
_c1939.
300 _a489 pages ;
_c24 cm
336 _2rda content
_atext
337 _2rda media
_aComputer
338 _2rda carrier
_aOnline Resource
504 _aIncludes bibliographical references.
546 _a Text in Italian
650 1 4 _aInternational law
_2qrmak
651 1 _2qrmak
700 1 _aromano santi
_ejoint author.
856 4 0 _uhttps://fll.law.cu.edu.eg/fulltext/bks/B11-05993.pdf
905 _a78
942 _2ddc
_cBK
_e21
_n0
999 _c49216
_d49216